[Event "European Individual Chess Championship 2017"]
[Site "?"]
[Date "2017.06.07"]
[Round "8.62"]
[White "Soffer, Ram"]
[Black "Kovalev, Vladislav"]
[Result "0-1"]
[BlackElo "2629"]
[WhiteElo "2508"]
[LiveChessVersion "1.4.8"]

1. e4 {[%clk 1:30:57]} e5 {[%clk 1:30:49]} 2. Nf3 {[%clk 1:31:22]} Nc6
{[%clk 1:31:16]} 3. Bb5 {[%clk 1:31:47]} a6 {[%clk 1:31:38]} 4. Ba4
{[%clk 1:32:13]} Nf6 {[%clk 1:32:04]} 5. d3 {[%clk 1:32:32]} b5 {[%clk 1:31:48]}
6. Bb3 {[%clk 1:32:58]} Be7 {[%clk 1:29:18]} 7. a4 {[%clk 1:33:12]} b4
{[%clk 1:29:26]} 8. a5 {[%clk 1:33:23]} d6 {[%clk 1:27:01]} 9. Nbd2
{[%clk 1:29:18]} O-O {[%clk 1:25:49]} 10. O-O {[%clk 1:29:06]} Rb8
{[%clk 1:25:44]} 11. Nc4 {[%clk 1:21:47]} Na7 {[%clk 1:15:51]} 12. Bd2
{[%clk 1:16:15]} Nd7 {[%clk 1:05:02]} 13. Ne3 {[%clk 1:11:36]} Nc5
{[%clk 0:57:39]} 14. Bc4 {[%clk 0:58:50]} Be6 {[%clk 0:57:45]} 15. Bxe6
{[%clk 0:54:18]} fxe6 {[%clk 0:57:46]} 16. Nc4 {[%clk 0:54:21]} Nc6
{[%clk 0:55:14]} 17. b3 {[%clk 0:46:35]} Rb5 {[%clk 0:53:17]} 18. Re1
{[%clk 0:45:45]} Qd7 {[%clk 0:49:50]} 19. Ra2 {[%clk 0:45:32]} Nb7
{[%clk 0:42:28]} 20. Ra4 {[%clk 0:38:54]} Bf6 {[%clk 0:38:45]} 21. Re2
{[%clk 0:36:53]} Qf7 {[%clk 0:34:57]} 22. Qe1 {[%clk 0:35:15]} Nc5
{[%clk 0:35:07]} 23. Ra2 {[%clk 0:35:20]} h6 {[%clk 0:34:26]} 24. h3
{[%clk 0:31:27]} Be7 {[%clk 0:33:43]} 25. Be3 {[%clk 0:29:56]} Nd7
{[%clk 0:32:02]} 26. Bc1 {[%clk 0:24:30]} Qh5 {[%clk 0:26:43]} 27. Ncd2
{[%clk 0:20:19]} Rxa5 {[%clk 0:25:20]} 28. Rxa5 {[%clk 0:20:44]} Nxa5
{[%clk 0:25:48]} 29. Bb2 {[%clk 0:21:02]} Nc6 {[%clk 0:24:11]} 30. Qa1
{[%clk 0:21:05]} Nc5 {[%clk 0:24:12]} 31. Nf1 {[%clk 0:19:43]} Rxf3
{[%clk 0:16:17]} 32. gxf3 {[%clk 0:20:01]} Qxh3 {[%clk 0:16:28]} 33. Ng3
{[%clk 0:17:21]} h5 {[%clk 0:12:54]} 34. Qf1 {[%clk 0:17:06]} Qh4
{[%clk 0:08:52]} 35. Qg2 {[%clk 0:17:01]} Bg5 {[%clk 0:06:15]} 36. Re1
{[%clk 0:12:10]} a5 {[%clk 0:05:13]} 37. Qh1 {[%clk 0:10:41]} Qxh1+
{[%clk 0:05:30]} 38. Kxh1 {[%clk 0:11:07]} a4 {[%clk 0:04:20]} 39. bxa4
{[%clk 0:08:03]} Nxa4 {[%clk 0:04:49]} 40. Ba1 {[%clk 0:37:58]} Bd2
{[%clk 0:33:18]} 41. Rg1 {[%clk 0:28:24]} h4 {[%clk 0:28:05]} 42. Ne2
{[%clk 0:27:07]} Kf7 {[%clk 0:26:59]} 43. f4 {[%clk 0:26:13]} Nc3
{[%clk 0:18:05]} 44. Bxc3 {[%clk 0:25:54]} bxc3 {[%clk 0:16:34]} 45. fxe5
{[%clk 0:25:51]} Nxe5 {[%clk 0:17:02]} 46. Rb1 {[%clk 0:23:18]} Kf6
{[%clk 0:12:07]} 47. Rb3 {[%clk 0:19:33]} Nf3 {[%clk 0:12:02]} 48. Nxc3
{[%clk 0:18:01]} Nd4 {[%clk 0:12:12]} 49. Ra3 {[%clk 0:17:46]} Be1
{[%clk 0:09:49]} 50. Nd1 {[%clk 0:16:58]} Nxc2 {[%clk 0:10:14]} 51. Ra7
{[%clk 0:15:48]} c6 {[%clk 0:07:50]} 52. Kg2 {[%clk 0:14:51]} g5 {[%clk 0:05:47]}
53. Kf3 {[%clk 0:11:58]} Nd4+ {[%clk 0:04:32]} 54. Kg4 {[%clk 0:11:58]} d5
{[%clk 0:03:58]} 55. f4 {[%clk 0:05:34]} gxf4 {[%clk 0:04:24]} 56. Kxf4
{[%clk 0:05:58]} Bg3+ {[%clk 0:04:39]} 57. Ke3 {[%clk 0:04:50]} Ke5
{[%clk 0:04:05]} 58. Rh7 {[%clk 0:04:35]} Bf4+ {[%clk 0:03:21]} 59. Kf2
{[%clk 0:05:04]} Bg3+ {[%clk 0:03:42]} 60. Ke3 {[%clk 0:05:26]} Nc2+
{[%clk 0:02:59]} 61. Kd2 {[%clk 0:04:51]} Ne1 {[%clk 0:03:16]} 62. exd5
{[%clk 0:04:30]} cxd5 {[%clk 0:03:41]} 63. Nc3 Nf3+ {[%clk 0:04:06]} 64. Ke2
{[%clk 0:02:24]} Ng5 {[%clk 0:04:03]} 65. Rh8 {[%clk 0:02:02]} Kf4
{[%clk 0:03:05]} 66. Nd1 {[%clk 0:02:08]} Nh3 {[%clk 0:01:32]} 67. Rf8+
{[%clk 0:01:45]} Ke5 {[%clk 0:02:01]} 68. Ke3 {[%clk 0:01:35]} Bf4+
{[%clk 0:01:42]} 69. Kf3 {[%clk 0:01:49]} Bd2 {[%clk 0:01:34]} 70. Kg4
{[%clk 0:01:48]} Nf4 {[%clk 0:01:31]} 71. Nf2 {[%clk 0:01:47]} Ng6
{[%clk 0:00:45]} 72. Rf3 {[%clk 0:01:22]} Kd4 {[%clk 0:01:00]} 73. Rf6
{[%clk 0:01:19]} Ne5+ {[%clk 0:01:29]} 74. Kh3 {[%clk 0:01:33]} Be1
{[%clk 0:01:26]} 75. Kg2 {[%clk 0:00:34]} Bxf2 {[%clk 0:01:50]} 76. Rxf2
{[%clk 0:01:00]} Nxd3 {[%clk 0:02:07]} 77. Rf1 {[%clk 0:01:20]} Ke3
{[%clk 0:02:12]} 78. Kh3 {[%clk 0:01:28]} e5 {[%clk 0:01:32]} 79. Kxh4
{[%clk 0:01:54]} e4 {[%clk 0:01:38]} 80. Kg3 {[%clk 0:02:21]} d4 {[%clk 0:01:44]}
81. Ra1 {[%clk 0:02:41]} Nf4 {[%clk 0:01:40]} 82. Re1+ {[%clk 0:01:20]} Ne2+
{[%clk 0:02:06]} 83. Kg2 {[%clk 0:01:48]} d3 {[%clk 0:02:08]} 84. Kf1
{[%clk 0:01:56]} Kd2 {[%clk 0:01:12]} 85. Rb1 {[%clk 0:01:01]} Nc3
{[%clk 0:01:32]} 86. Rb2+ {[%clk 0:01:18]} Kc1 {[%clk 0:01:57]} 87. Rb3
{[%clk 0:01:35]} Kc2 {[%clk 0:02:22]} 0-1

[Event "European Individual Chess Championship 2017"]
[Site "?"]
[Date "2017.06.07"]
[Round "8.63"]
[White "Godena, Michele"]
[Black "Kobalia, Mikhail"]
[Result "1-0"]
[BlackElo "2624"]
[WhiteElo "2506"]
[LiveChessVersion "1.4.8"]

1. e4 {[%clk 1:30:57]} g6 {[%clk 1:30:54]} 2. d4 {[%clk 1:31:16]} Bg7
{[%clk 1:31:19]} 3. c3 {[%clk 1:27:44]} d6 {[%clk 1:31:26]} 4. Nf3
{[%clk 1:28:06]} Nf6 {[%clk 1:31:47]} 5. Bd3 {[%clk 1:28:32]} Nbd7
{[%clk 1:32:07]} 6. O-O {[%clk 1:28:52]} e5 {[%clk 1:32:31]} 7. Re1
{[%clk 0:53:35]} O-O {[%clk 1:32:43]} 8. Na3 {[%clk 0:48:09]} Re8
{[%clk 1:32:18]} 9. Bg5 {[%clk 0:45:20]} h6 {[%clk 1:25:41]} 10. Bh4
{[%clk 0:45:26]} b6 {[%clk 1:24:21]} 11. dxe5 {[%clk 0:41:55]} dxe5
{[%clk 1:23:11]} 12. Bb5 {[%clk 0:42:00]} Qe7 {[%clk 1:13:41]} 13. Bxf6
{[%clk 0:24:46]} Bxf6 {[%clk 1:09:10]} 14. Bc6 {[%clk 0:16:34]} Rb8
{[%clk 1:09:04]} 15. Nb5 {[%clk 0:17:01]} Rd8 {[%clk 0:54:18]} 16. Nxc7
{[%clk 0:16:50]} Nc5 {[%clk 0:53:09]} 17. Nd5 {[%clk 0:17:14]} Qe6
{[%clk 0:53:32]} 18. Nxf6+ {[%clk 0:16:28]} Qxf6 {[%clk 0:53:59]} 19. Bd5
{[%clk 0:16:54]} Be6 {[%clk 0:44:59]} 20. c4 {[%clk 0:11:31]} b5 {[%clk 0:45:01]}
21. Qc2 {[%clk 0:08:46]} bxc4 {[%clk 0:44:19]} 22. Qxc4 {[%clk 0:09:04]} Rdc8
{[%clk 0:42:36]} 23. b4 {[%clk 0:08:52]} Na4 {[%clk 0:41:57]} 24. Qa6
{[%clk 0:08:46]} Rxb4 {[%clk 0:35:34]} 25. Qa5 {[%clk 0:08:46]} Rcb8
{[%clk 0:34:45]} 26. a3 {[%clk 0:09:07]} R4b5 {[%clk 0:14:46]} 27. Qxa4
{[%clk 0:09:30]} Bxd5 {[%clk 0:15:15]} 28. exd5 {[%clk 0:09:51]} Rxd5
{[%clk 0:15:43]} 29. Qxa7 {[%clk 0:09:42]} Rbd8 {[%clk 0:14:02]} 30. Qe3
{[%clk 0:09:14]} g5 {[%clk 0:14:16]} 31. Nxe5 {[%clk 0:09:07]} 1-0

[Event "European Individual Chess Championship 2017"]
[Site "?"]
[Date "2017.06.07"]
[Round "8.64"]
[White "Salomon, Johan"]
[Black "Fedorchuk, Sergey A."]
[Result "0-1"]
[BlackElo "2621"]
[WhiteElo "2501"]
[LiveChessVersion "1.4.8"]

1. d4 Nf6 {[%clk 1:25:26]} 2. Nf3 {[%clk 1:30:36]} e6 {[%clk 1:25:32]} 3. Bf4
{[%clk 1:30:57]} Be7 {[%clk 1:24:23]} 4. h3 {[%clk 1:30:30]} c5 {[%clk 1:23:46]}
5. e3 {[%clk 1:30:34]} Qb6 {[%clk 1:14:36]} 6. Qc1 {[%clk 1:27:40]} d5
{[%clk 1:14:32]} 7. c3 {[%clk 1:27:26]} Bd7 {[%clk 1:14:21]} 8. Nbd2
{[%clk 1:23:09]} O-O {[%clk 1:12:43]} 9. a4 {[%clk 1:20:05]} Rc8 {[%clk 1:08:44]}
10. Bd3 {[%clk 1:17:42]} Nc6 {[%clk 1:08:21]} 11. Qb1 {[%clk 1:14:34]} a6
{[%clk 0:55:29]} 12. O-O {[%clk 1:05:15]} h6 {[%clk 0:55:30]} 13. Bh2
{[%clk 1:01:32]} Be8 {[%clk 0:55:10]} 14. Re1 {[%clk 0:57:23]} Nd7
{[%clk 0:54:11]} 15. Bh7+ {[%clk 0:51:03]} Kh8 {[%clk 0:53:32]} 16. Bd3
{[%clk 0:51:28]} Bf6 {[%clk 0:52:54]} 17. Bf1 {[%clk 0:50:51]} Kg8
{[%clk 0:50:46]} 18. Bg3 {[%clk 0:49:47]} g6 {[%clk 0:47:34]} 19. Qa2
{[%clk 0:48:22]} Bg7 {[%clk 0:47:10]} 20. Rad1 {[%clk 0:42:21]} Qd8
{[%clk 0:40:27]} 21. dxc5 {[%clk 0:40:01]} Nxc5 {[%clk 0:39:59]} 22. e4
{[%clk 0:40:03]} b5 {[%clk 0:39:01]} 23. exd5 {[%clk 0:38:07]} exd5
{[%clk 0:39:28]} 24. Nb1 {[%clk 0:27:35]} d4 {[%clk 0:29:35]} 25. Nxd4
{[%clk 0:23:12]} Nxd4 {[%clk 0:29:58]} 26. cxd4 {[%clk 0:23:32]} Nxa4
{[%clk 0:30:25]} 27. Qb3 {[%clk 0:15:59]} Bc6 {[%clk 0:25:30]} 28. d5
{[%clk 0:15:44]} Bd7 {[%clk 0:25:38]} 29. Be5 {[%clk 0:15:07]} Bxe5
{[%clk 0:23:37]} 30. Rxe5 {[%clk 0:15:36]} Qf6 {[%clk 0:23:58]} 31. Rde1
{[%clk 0:14:04]} Rc1 {[%clk 0:19:26]} 32. Rxc1 {[%clk 0:14:24]} Qxe5
{[%clk 0:19:52]} 33. Nc3 {[%clk 0:11:58]} Rc8 {[%clk 0:17:01]} 34. g3
{[%clk 0:10:12]} Kg7 {[%clk 0:13:41]} 35. Qa3 {[%clk 0:08:04]} a5
{[%clk 0:09:41]} 36. Qa1 {[%clk 0:08:24]} Nxc3 {[%clk 0:06:59]} 37. bxc3
{[%clk 0:08:39]} a4 {[%clk 0:07:21]} 38. Qb2 {[%clk 0:06:59]} Kg8
{[%clk 0:02:32]} 39. Bxb5 {[%clk 0:04:58]} Rb8 {[%clk 0:01:25]} 40. Qe2
{[%clk 0:35:26]} Qxe2 {[%clk 0:31:35]} 41. Bxe2 {[%clk 0:35:53]} Bf5
{[%clk 0:31:58]} 42. Bc4 {[%clk 0:13:27]} Rb1 {[%clk 0:28:21]} 43. Rf1
{[%clk 0:13:41]} Bc2 {[%clk 0:26:11]} 44. Rxb1 {[%clk 0:11:23]} Bxb1
{[%clk 0:26:36]} 45. Kg2 {[%clk 0:07:17]} Bc2 {[%clk 0:25:14]} 46. d6
{[%clk 0:07:42]} Kf8 {[%clk 0:25:41]} 47. d7 {[%clk 0:08:08]} Ke7
{[%clk 0:26:07]} 48. Bxf7 {[%clk 0:08:34]} Kxd7 {[%clk 0:25:39]} 49. g4
{[%clk 0:07:41]} Ke7 {[%clk 0:25:04]} 50. Ba2 {[%clk 0:08:08]} Bb3
{[%clk 0:25:20]} 51. Bb1 {[%clk 0:08:37]} a3 {[%clk 0:25:44]} 52. Kg3
{[%clk 0:08:49]} Kd6 {[%clk 0:25:02]} 53. Kf4 {[%clk 0:07:55]} Kd5
{[%clk 0:24:11]} 54. Ke3 {[%clk 0:08:16]} g5 {[%clk 0:21:20]} 55. Kd2
{[%clk 0:07:09]} Ke5 {[%clk 0:18:50]} 56. Ke3 {[%clk 0:07:31]} Bd5
{[%clk 0:17:23]} 0-1

[Event "European Individual Chess Championship 2017"]
[Site "?"]
[Date "2017.06.07"]
[Round "8.65"]
[White "Lomasov, Semen"]
[Black "Tomczak, Jacek"]
[Result "0-1"]
[BlackElo "2615"]
[WhiteElo "2493"]
[LiveChessVersion "1.4.8"]

1. e4 {[%clk 1:30:57]} e6 {[%clk 1:30:50]} 2. d4 {[%clk 1:31:19]} d5
{[%clk 1:31:13]} 3. Nc3 {[%clk 1:31:46]} Nf6 {[%clk 1:31:34]} 4. e5
{[%clk 1:31:59]} Nfd7 {[%clk 1:31:58]} 5. f4 {[%clk 1:32:18]} c5 {[%clk 1:32:19]}
6. Nf3 {[%clk 1:32:31]} Qb6 {[%clk 1:32:18]} 7. Be3 {[%clk 1:21:53]} a6
{[%clk 1:32:08]} 8. Na4 {[%clk 1:18:35]} Qa5+ {[%clk 1:25:28]} 9. c3
{[%clk 1:18:55]} cxd4 {[%clk 1:25:52]} 10. b4 {[%clk 1:18:35]} Qc7
{[%clk 1:26:18]} 11. Bxd4 {[%clk 1:07:57]} Nc6 {[%clk 1:20:56]} 12. Be2
{[%clk 1:08:01]} b5 {[%clk 1:16:29]} 13. Nb2 {[%clk 1:08:12]} a5 {[%clk 1:16:21]}
14. Bxb5 {[%clk 0:27:02]} axb4 {[%clk 1:14:40]} 15. O-O {[%clk 0:19:55]} bxc3
{[%clk 0:59:10]} 16. Bxc3 {[%clk 0:20:16]} Qb6+ {[%clk 0:55:32]} 17. Nd4
{[%clk 0:20:44]} Nxd4 {[%clk 0:55:53]} 18. Bxd7+ {[%clk 0:21:09]} Bxd7
{[%clk 0:56:20]} 19. Bxd4 {[%clk 0:21:29]} Bc5 {[%clk 0:56:40]} 20. Bxc5
{[%clk 0:21:55]} Qxc5+ {[%clk 0:57:06]} 21. Kh1 {[%clk 0:21:55]} O-O
{[%clk 0:57:07]} 22. Rf3 {[%clk 0:11:27]} Rfc8 {[%clk 0:48:54]} 23. Qd2
{[%clk 0:08:58]} Qc2 {[%clk 0:35:54]} 24. Rf2 {[%clk 0:09:17]} Qxd2
{[%clk 0:31:35]} 25. Rxd2 {[%clk 0:09:45]} Bb5 {[%clk 0:31:59]} 26. Kg1
{[%clk 0:06:46]} Ra3 {[%clk 0:30:36]} 27. Kf2 {[%clk 0:06:44]} h5
{[%clk 0:21:10]} 28. Nd1 {[%clk 0:05:53]} Bd3 {[%clk 0:21:20]} 29. Ne3
{[%clk 0:03:43]} Kh7 {[%clk 0:18:38]} 30. Rad1 {[%clk 0:02:58]} Rcc3
{[%clk 0:17:32]} 31. Rb2 {[%clk 0:02:23]} Ra4 {[%clk 0:16:30]} 32. g3
{[%clk 0:02:17]} Raa3 {[%clk 0:16:55]} 33. Rdd2 {[%clk 0:02:21]} Be4
{[%clk 0:12:35]} 34. Nc2 {[%clk 0:02:33]} Rf3+ {[%clk 0:10:59]} 35. Ke2
{[%clk 0:02:03]} Rac3 {[%clk 0:09:36]} 36. Rb3 {[%clk 0:00:38]} Rxc2
{[%clk 0:07:35]} 0-1

[Event "European Individual Chess Championship 2017"]
[Site "?"]
[Date "2017.06.07"]
[Round "8.66"]
[White "Matinian, Nikita"]
[Black "Parligras, Mircea-Emilian"]
[Result "0-1"]
[BlackElo "2607"]
[WhiteElo "2491"]
[LiveChessVersion "1.4.8"]

1. e4 {[%clk 1:30:48]} c5 {[%clk 1:30:55]} 2. Nf3 {[%clk 1:31:06]} e6
{[%clk 1:31:12]} 3. d4 {[%clk 1:31:33]} cxd4 {[%clk 1:31:34]} 4. Nxd4
{[%clk 1:32:01]} Nc6 {[%clk 1:31:55]} 5. Nc3 {[%clk 1:32:26]} a6 {[%clk 1:32:15]}
6. Be2 {[%clk 1:32:10]} Qc7 {[%clk 1:31:36]} 7. O-O {[%clk 1:27:55]} Nf6
{[%clk 1:31:32]} 8. Be3 {[%clk 1:28:10]} d6 {[%clk 1:31:32]} 9. f4
{[%clk 1:28:26]} Be7 {[%clk 1:31:49]} 10. Kh1 {[%clk 1:28:34]} O-O
{[%clk 1:31:41]} 11. Qe1 {[%clk 1:28:57]} Nxd4 {[%clk 1:31:32]} 12. Bxd4
{[%clk 1:29:22]} b5 {[%clk 1:31:01]} 13. a3 {[%clk 1:29:46]} Bb7 {[%clk 1:31:03]}
14. Qg3 {[%clk 1:30:05]} Rad8 {[%clk 1:29:17]} 15. Bd3 {[%clk 1:29:35]} Rd7
{[%clk 1:11:27]} 16. Rae1 {[%clk 1:29:33]} Bc6 {[%clk 1:07:25]} 17. Nd5
{[%clk 0:49:06]} exd5 {[%clk 0:57:44]} 18. exd5 {[%clk 0:47:14]} Bxd5
{[%clk 0:58:03]} 19. Rxe7 {[%clk 0:47:37]} Nh5 {[%clk 0:51:32]} 20. Qg5
{[%clk 0:45:35]} Rxe7 {[%clk 0:51:50]} 21. Qxd5 {[%clk 0:45:45]} g6
{[%clk 0:49:32]} 22. f5 {[%clk 0:41:25]} Re5 {[%clk 0:43:58]} 23. Qf3
{[%clk 0:33:50]} Rfe8 {[%clk 0:41:26]} 24. f6 {[%clk 0:30:33]} Re1
{[%clk 0:38:21]} 25. g4 {[%clk 0:29:13]} Rxf1+ {[%clk 0:38:41]} 26. Bxf1
{[%clk 0:28:36]} Qxc2 {[%clk 0:36:41]} 27. gxh5 {[%clk 0:29:00]} d5
{[%clk 0:30:33]} 28. Bc3 {[%clk 0:20:37]} Qc1 {[%clk 0:28:18]} 29. hxg6
{[%clk 0:14:02]} hxg6 {[%clk 0:28:41]} 30. Kg2 {[%clk 0:13:29]} Re4
{[%clk 0:26:38]} 31. h3 {[%clk 0:08:15]} Kh7 {[%clk 0:17:04]} 32. Kh2
{[%clk 0:05:48]} Rf4 {[%clk 0:15:40]} 33. Qxd5 {[%clk 0:06:13]} Qxf1
{[%clk 0:15:54]} 34. Qxf7+ {[%clk 0:05:48]} Kh6 {[%clk 0:16:19]} 35. Qf8+
{[%clk 0:03:56]} Kg5 {[%clk 0:15:46]} 36. Qc5+ {[%clk 0:03:37]} Kh4
{[%clk 0:16:10]} 0-1

[Event "European Individual Chess Championship 2017"]
[Site "?"]
[Date "2017.06.07"]
[Round "8.67"]
[White "Mista, Aleksander"]
[Black "Hamitevici, Vladimir"]
[Result "0-1"]
[BlackElo "2487"]
[WhiteElo "2606"]
[LiveChessVersion "1.4.8"]

1. e4 {[%clk 1:30:56]} c6 {[%clk 1:29:22]} 2. d4 {[%clk 1:31:20]} d5
{[%clk 1:29:48]} 3. Nc3 {[%clk 1:31:44]} dxe4 {[%clk 1:29:01]} 4. Nxe4
{[%clk 1:32:09]} Nf6 {[%clk 1:28:21]} 5. Nxf6+ {[%clk 1:32:35]} exf6
{[%clk 1:27:04]} 6. c3 {[%clk 1:32:54]} Qd5 {[%clk 1:24:52]} 7. Bf4
{[%clk 1:25:10]} Be7 {[%clk 1:21:47]} 8. Qf3 {[%clk 1:21:08]} Be6
{[%clk 1:15:30]} 9. Qxd5 {[%clk 1:11:05]} cxd5 {[%clk 1:15:17]} 10. Bxb8
{[%clk 1:07:30]} Rxb8 {[%clk 1:15:41]} 11. Bb5+ {[%clk 1:07:52]} Kf8
{[%clk 1:14:47]} 12. Ne2 {[%clk 1:06:53]} Bd6 {[%clk 1:14:12]} 13. O-O
{[%clk 1:04:16]} g6 {[%clk 1:13:55]} 14. f4 {[%clk 1:01:40]} Kg7 {[%clk 1:13:06]}
15. Rae1 {[%clk 1:01:20]} a6 {[%clk 1:08:56]} 16. Bd3 {[%clk 1:00:54]} Rhe8
{[%clk 1:08:10]} 17. Nc1 {[%clk 1:00:16]} Bd7 {[%clk 1:04:22]} 18. Re2
{[%clk 0:54:47]} a5 {[%clk 1:04:08]} 19. g3 {[%clk 0:53:09]} Rec8
{[%clk 1:01:20]} 20. f5 {[%clk 0:48:28]} b6 {[%clk 0:50:46]} 21. Ref2
{[%clk 0:48:46]} Rf8 {[%clk 0:47:05]} 22. Ne2 {[%clk 0:47:25]} b5
{[%clk 0:40:57]} 23. g4 {[%clk 0:39:37]} Rbe8 {[%clk 0:36:35]} 24. h4
{[%clk 0:32:06]} Re3 {[%clk 0:36:04]} 25. Rf3 {[%clk 0:32:28]} Rfe8
{[%clk 0:32:29]} 26. Kf2 {[%clk 0:32:20]} R3e7 {[%clk 0:20:55]} 27. Ke1
{[%clk 0:32:30]} h5 {[%clk 0:17:41]} 28. gxh5 {[%clk 0:25:16]} gxh5
{[%clk 0:10:49]} 29. Kd2 {[%clk 0:25:23]} Kh6 {[%clk 0:11:16]} 30. Rg1
{[%clk 0:25:32]} b4 {[%clk 0:10:34]} 31. Rg2 {[%clk 0:23:47]} a4 {[%clk 0:09:53]}
32. cxb4 {[%clk 0:14:52]} Bxb4+ {[%clk 0:10:12]} 33. Nc3 {[%clk 0:15:15]} a3
{[%clk 0:09:55]} 34. bxa3 {[%clk 0:14:09]} Ba5 {[%clk 0:10:19]} 35. Bc2
{[%clk 0:12:13]} Rc8 {[%clk 0:07:18]} 36. Rgg3 {[%clk 0:12:31]} Rc4
{[%clk 0:07:04]} 37. Rf4 {[%clk 0:08:31]} Bb5 {[%clk 0:06:01]} 38. Rff3
{[%clk 0:02:45]} Rxd4+ {[%clk 0:05:46]} 39. Kc1 {[%clk 0:03:09]} Bc4
{[%clk 0:05:24]} 40. Rg8 {[%clk 0:32:14]} Rxh4 {[%clk 0:31:36]} 41. Bd1
{[%clk 0:27:08]} Bc7 {[%clk 0:29:03]} 42. Rf2 {[%clk 0:25:54]} d4
{[%clk 0:21:53]} 43. Ne2 {[%clk 0:25:42]} d3 {[%clk 0:21:34]} 44. Rfg2
{[%clk 0:25:07]} Rg4 {[%clk 0:21:51]} 45. R2xg4 {[%clk 0:21:13]} hxg4
{[%clk 0:19:55]} 46. Nd4 {[%clk 0:20:59]} g3 {[%clk 0:18:32]} 47. Rg4
{[%clk 0:16:21]} Ba6 {[%clk 0:16:20]} 48. Nc6 {[%clk 0:14:18]} Re1
{[%clk 0:15:07]} 49. Nb4 {[%clk 0:11:06]} Bb7 {[%clk 0:12:58]} 50. Rh4+
{[%clk 0:11:27]} Kg7 {[%clk 0:13:23]} 51. Nxd3 {[%clk 0:11:47]} Rf1
{[%clk 0:13:47]} 0-1

[Event "European Individual Chess Championship 2017"]
[Site "?"]
[Date "2017.06.07"]
[Round "8.68"]
[White "Teterev, Vitaly"]
[Black "Rozum, Ivan"]
[Result "1/2-1/2"]
[BlackElo "2606"]
[WhiteElo "2487"]
[LiveChessVersion "1.4.8"]

1. Nf3 {[%clk 1:30:56]} Nf6 {[%clk 1:30:41]} 2. g3 {[%clk 1:31:21]} b6
{[%clk 1:31:02]} 3. Bg2 {[%clk 1:31:29]} Bb7 {[%clk 1:31:28]} 4. O-O
{[%clk 1:31:51]} c5 {[%clk 1:31:51]} 5. d3 {[%clk 1:29:04]} g6 {[%clk 1:31:42]}
6. e4 {[%clk 1:29:18]} d6 {[%clk 1:32:07]} 7. Nc3 {[%clk 1:27:30]} Bg7
{[%clk 1:32:28]} 8. Nh4 {[%clk 1:27:06]} Nc6 {[%clk 1:32:35]} 9. f4
{[%clk 1:27:09]} e6 {[%clk 1:32:24]} 10. a4 {[%clk 1:25:47]} Qd7 {[%clk 1:27:05]}
11. g4 {[%clk 1:23:22]} O-O-O {[%clk 1:22:32]} 12. h3 {[%clk 1:20:53]} Kb8
{[%clk 1:19:15]} 13. Nb5 {[%clk 1:10:29]} Ne8 {[%clk 1:09:42]} 14. c3
{[%clk 0:58:43]} Nc7 {[%clk 1:07:30]} 15. Be3 {[%clk 0:51:21]} d5
{[%clk 1:04:35]} 16. Nxc7 {[%clk 0:34:00]} Qxc7 {[%clk 1:04:35]} 17. exd5
{[%clk 0:34:16]} exd5 {[%clk 1:04:45]} 18. Bd2 {[%clk 0:34:04]} Rhe8
{[%clk 0:59:43]} 19. Nf3 {[%clk 0:32:48]} d4 {[%clk 0:48:28]} 20. c4
{[%clk 0:32:52]} Nb4 {[%clk 0:48:49]} 21. Ne1 {[%clk 0:27:05]} Rd7
{[%clk 0:46:45]} 22. Bxb4 {[%clk 0:23:48]} cxb4 {[%clk 0:46:44]} 23. Bxb7
{[%clk 0:22:52]} Qxb7 {[%clk 0:47:07]} 24. Ng2 {[%clk 0:23:11]} Rde7
{[%clk 0:45:54]} 25. Qf3 {[%clk 0:22:54]} Re2 {[%clk 0:41:00]} 26. Qxb7+
{[%clk 0:22:41]} Kxb7 {[%clk 0:41:25]} 27. Rf2 {[%clk 0:22:34]} a5
{[%clk 0:29:32]} 28. Kf1 {[%clk 0:15:33]} Rxf2+ {[%clk 0:28:18]} 29. Kxf2
{[%clk 0:15:58]} b3 {[%clk 0:27:12]} 30. Ra3 {[%clk 0:15:57]} Bf8
{[%clk 0:27:25]} 31. Rxb3 {[%clk 0:16:22]} Bb4 {[%clk 0:27:42]} 32. Kf3
{[%clk 0:15:56]} Kc6 {[%clk 0:27:24]} 33. Kf2 {[%clk 0:14:51]} Kd6
{[%clk 0:22:14]} 34. Kf3 {[%clk 0:13:41]} h6 {[%clk 0:19:44]} 35. Kf2
{[%clk 0:13:04]} g5 {[%clk 0:10:27]} 36. Kf3 {[%clk 0:12:02]} Ke6
{[%clk 0:09:23]} 37. h4 {[%clk 0:07:35]} Kf6 {[%clk 0:06:20]} 38. h5
{[%clk 0:07:30]} Re7 {[%clk 0:05:42]} 39. f5 {[%clk 0:07:31]} Ke5
{[%clk 0:05:53]} 40. Kf2 {[%clk 0:37:38]} Kd6 {[%clk 0:36:07]} 41. Kf3
{[%clk 0:37:30]} 1/2-1/2